000 00515nmm a2200169Ia 4500
008 251105s9999||||xx |||||||||||||||||und||
020 _a9788497427760
041 _aspa
100 _aSendagorta, Fidel
245 0 _aEuropa entre dos luces ¿Declive o resurgimiento?
264 _a[Madrid, España] :
_bBiblioteca Nueva,
_c2007
300 _a152 páginas
490 _aEnsayo Biblioteca Nueva
650 _aPolitical Science (General)
856 _uhttps://public.digitaliapublishing.com/a/17444
942 _cCF
999 _c90372
_d90372